| 000 | 03592nam0a2200385 4500 | ||
|---|---|---|---|
| 001 | RU\NLR\BIBL_A\022380015 | ||
| 005 | 20250115154414.0 | ||
| 010 |
_a978-5-907807-08-2 _9100 |
||
| 021 |
_aRU _bКН-П-24-059012 _9КН-П-24-5869 |
||
| 035 | _a(NLR Aleph) 022380015 | ||
| 090 |
_a13329892 _c13329892 |
||
| 100 | _a20241113d2024 k y0rusy50 ca | ||
| 101 | 0 | _arus | |
| 102 | _aRU | ||
| 105 | _aа|||z|||110yy | ||
| 181 | 0 |
_ai3 _baxxe |
|
| 182 | 0 | _an | |
| 200 | 1 |
_aРегиональные аспекты географических исследований и образования _eсборник статей по материалам XVIII Всероссийской (с международным участием) научно-практической конференции, посвященной 80-летию ПГУ и 60-летию Пензенского областного отделения Русского географического общества, г. Пенза, 22-23 декабря 2023 г. _fМинистерство науки и высшего образования Российской Федерации, Федеральное государственное бюджетное образовательное учреждение высшего образования "Пензенский государственный университет" (ПГУ), Педагогический институт им. В. Г. Белинского, Факультет физико-математических и естественных наук, Кафедра "География", Пензенское областное отделение Всероссийской общественной организации "Русское географическое общество", Молодежный клуб Русского географического общества при Пензенском областном отделении Русского географического общества _gпод редакцией Н. А. Симаковой [и др.] |
|
| 203 |
_aТекст _bвизуальный _cнепосредственный |
||
| 210 |
_aПенза _cИзд-во ПГУ _d2024 |
||
| 215 |
_a124, [1] с. _cил., табл., цв. ил. _d21 |
||
| 320 | _aБиблиогр. в конце ст. | ||
| 606 | 1 |
_aГеографические исследования _jСъезды, совещания и т.п _2nlr_sh1 _2nlr_sh2 _3RU\NLR\AUTH\66253033 |
|
| 606 | 1 |
_aГеография _xПреподавание _jСъезды, совещания и т.п _2nlr_sh2 _3RU\NLR\AUTH\66252997 |
|
| 686 | 1 | _aЧ426.43я431 | |
| 686 | 1 | _aЧ486.43я431 | |
| 686 | 1 | _aД8я431(2) | |
| 702 | 1 |
_aСимакова _bН. А. _f1963- _gНаталья Анатольевна _4340 |
|
| 711 | 1 | 2 |
_a"Региональные аспекты географических исследований и образования", всероссийская (с международным участием) научно-практическая конференция _d18 _f2023 _eПенза _3RU\NLR\AUTH\880618741 |
| 712 | 0 | 2 |
_aПензенский государственный университет _bПедагогический институт им. В. Г. Белинского _bКафедра "География" _3RU\NLR\AUTH\880463198 _4570 |
| 942 | _cBOOK | ||
| 980 | _aNB | ||